| 000 -LEADER |
| fixed length control field |
00288nam a2200109Ia 4500 |
| 008 - FIXED-LENGTH DATA ELEMENTS--GENERAL INFORMATION |
| fixed length control field |
260210s9999 xx 000 0 und d |
| 020 ## - INTERNATIONAL STANDARD BOOK NUMBER |
| International Standard Book Number |
9788957707708 |
| 100 ## - MAIN ENTRY--PERSONAL NAME |
| Personal name |
Archiworld |
| 245 #0 - TITLE STATEMENT |
| Title |
Detail Plus Interior+Architecture, Vol. Vi (Price Printed) |
| 260 ## - PUBLICATION, DISTRIBUTION, ETC. |
| Name of publisher, distributor, etc. |
Archiworld |
| 942 ## - ADDED ENTRY ELEMENTS (KOHA) |
| Koha item type |
B.Design |